000 00603nam a22001937a 4500
999 _c66370
_d66370
005 20181025132134.0
010 _aB-710647
020 _a1403926689
_c320.00
020 _a9781403926685
_c385.00
035 _aB-88945,B-182382
035 _aB-710647
037 _aDPL
_bENG
082 _a332.1
245 _aGeneral bank management:
_b(For CAIIB examination) /
_cby Indian Institute of banking and finance
260 _aDelhi
_bMacmillan
_c2005
300 _ax, 740p.
_c24 cm (pbk)
942 _2ddc
_cEN
_h332.1
_mGEN